Сравнительный анализ деловых культур России и Китая; Экономика России в XXI веке; Т. 2

Detaylı Bibliyografya
Parent link:Экономика России в XXI веке: сборник научных трудов XII Международной научно-практической конференции "Экономические науки и прикладные исследования", г. Томск, 17-21 ноября 2015 г./ Национальный исследовательский Томский политехнический университет (ТПУ) ; ред. кол. Г. А. Барышева [и др.].— , 2015
Т. 2.— 2015.— [С. 118-122]
Yazar: Бессонов Н. А.
Müşterek Yazar: Национальный исследовательский Томский политехнический университет (ТПУ) Институт социально-гуманитарных технологий (ИСГТ) Кафедра инженерного предпринимательства (ИП)
Diğer Yazarlar: Леонтьева Е. Г. Елена Геннадьевна (научный руководитель)
Özet:Заглавие с титульного экрана
Современное общество характеризуется высокими темпами научно-технического прогресса, информатизации, глобализации и интернационализации мировой экономики. Это приводит к сближению и взаимопроникновению национальных деловых культур. Культура определяет основные ценности и жизненные установки людей, оказывающих большое влияние на мысли и действия человека, на отношение к работе, к другим людям, к закону, на стиль управления, манеру общения, методы ведения дел и т. п.
Dil:Rusça
Baskı/Yayın Bilgisi: 2015
Seri Bilgileri:Социально-гуманитарные аспекты экономики и управления социотехническими системами
Konular:
Online Erişim:http://earchive.tpu.ru/handle/11683/15393
http://www.lib.tpu.ru/fulltext/c/2015/C40/V2/025.pdf
Materyal Türü: MixedMaterials Elektronik Kitap Bölümü
KOHA link:https://koha.lib.tpu.ru/cgi-bin/koha/opac-detail.pl?biblionumber=616848

MARC

LEADER 00000naa2a2200000 4500
001 616848
005 20231101132929.0
035 |a (RuTPU)RU\TPU\conf\15104 
035 |a RU\TPU\conf\15102 
090 |a 616848 
100 |a 20160125d2015 k y0rusy50 ca 
101 0 |a rus 
102 |a RU 
105 |a y z 101zy 
135 |a drgn ---uucaa 
181 0 |a i  
182 0 |a b 
200 1 |a Сравнительный анализ деловых культур России и Китая  |f Н. А. Бессонов  |g науч. рук. Е. Г. Леонтьева 
203 |a Текст  |c электронный 
225 1 |a Социально-гуманитарные аспекты экономики и управления социотехническими системами 
230 |a 1 компьютерный файл (pdf; 666 Kb) 
300 |a Заглавие с титульного экрана 
320 |a [Библиогр.: с. 122 (7 назв.)] 
330 |a Современное общество характеризуется высокими темпами научно-технического прогресса, информатизации, глобализации и интернационализации мировой экономики. Это приводит к сближению и взаимопроникновению национальных деловых культур. Культура определяет основные ценности и жизненные установки людей, оказывающих большое влияние на мысли и действия человека, на отношение к работе, к другим людям, к закону, на стиль управления, манеру общения, методы ведения дел и т. п. 
337 |a Adobe Reader 
461 1 |0 (RuTPU)RU\TPU\conf\14421  |t Экономика России в XXI веке  |o сборник научных трудов XII Международной научно-практической конференции "Экономические науки и прикладные исследования", г. Томск, 17-21 ноября 2015 г.  |o в 2 т.  |f Национальный исследовательский Томский политехнический университет (ТПУ) ; ред. кол. Г. А. Барышева [и др.]  |d 2015 
463 0 |0 (RuTPU)RU\TPU\conf\14423  |t Т. 2  |v [С. 118-122]  |d 2015 
610 1 |a труды учёных ТПУ 
610 1 |a электронный ресурс 
610 1 |a сравнительный анализ 
610 1 |a деловая культура 
610 1 |a Россия 
610 1 |a Китай 
610 1 |a культура 
700 1 |a Бессонов  |b Н. А. 
702 1 |a Леонтьева  |b Е. Г.  |c специалист в области менеджмента  |c доцент Томского политехнического университета, кандидат философских наук  |f 1964-  |g Елена Геннадьевна  |2 stltpush  |4 727 
712 0 2 |a Национальный исследовательский Томский политехнический университет (ТПУ)  |b Институт социально-гуманитарных технологий (ИСГТ)  |b Кафедра инженерного предпринимательства (ИП)  |h 5423  |2 stltpush  |3 (RuTPU)RU\TPU\col\18857 
801 2 |a RU  |b 63413507  |c 20210209  |g RCR 
856 4 |u http://earchive.tpu.ru/handle/11683/15393 
856 4 |u http://www.lib.tpu.ru/fulltext/c/2015/C40/V2/025.pdf 
942 |c BK